000 00819nam a2200229Ia 4500
001 dg51-2653 [d000002790]
003 IT-MiCISF
008 161014s9999||||xx |||||||||||||| ||und||
040 _aIT-MiCISF
_cIT-MiCISF
041 _aen
100 _aWarbyrtib Jane
240 _aA Right to Happiness
245 2 _aA Right to Happiness
_bApproaches to the Prevention and Psycho-social Recovery of Child Victims of Commercial Sexual Exploitation
250 _a1a ed.
260 _a Geneva
_bNGO Group for the Convention on the Rights of the Child
_c1996
300 _app. 378
500 _a / prostituzione, infanzia, prevenzione, associazionismo, consulenza, diritti-bambino, indirizzi / documento
650 _asocietà
700 _aCamacho de la Cruz Maria Teresa
942 _cBK
957 _71
999 _a2653
_bsi
_g1
_c209181
_d209181